El traumatismo psicológico: de la efracción a la reconstrucción. Perspectivas clínicas en el contexto de la catástrofe natural. (notice n° 1664065)

détails MARC
000 -LEADER
fixed length control field 02240cam a2200157 4500500
005 - DATE AND TIME OF LATEST TRANSACTION
control field 20260222001017.0
041 ## - LANGUAGE CODE
Language code of text/sound track or separate title fre
042 ## - AUTHENTICATION CODE
Authentication code dc
100 10 - MAIN ENTRY--PERSONAL NAME
Personal name EM Georges, Rogenette
Relator term author
245 00 - TITLE STATEMENT
Title El traumatismo psicológico: de la efracción a la reconstrucción. Perspectivas clínicas en el contexto de la catástrofe natural.
260 ## - PUBLICATION, DISTRIBUTION, ETC.
Date of publication, distribution, etc. 2026.<br/>
500 ## - GENERAL NOTE
General note 4
520 ## - SUMMARY, ETC.
Summary, etc. El traumatismo psicológico, definido etimológicamente como una «herida por efracción», constituye una respuesta normal a acontecimientos excepcionales que amenazan la integridad física y/o psíquica. La evolución histórica del concepto, desde las investigaciones pioneras de Oppenheim en 1888 sobre la «neurosis traumática» hasta las clasificaciones nosográficas contemporáneas, revela una comprensión profunda de estos fenómenos complejos. Estudios recientes identifican cuatro síntomas principales del trastorno de estrés postraumático: reviviscencias (flash-back, pesadillas), comportamientos de evitación, hiperactivación neurovegetativa y alteraciones cognitivas y anímicas. El enfoque neurobiológico destaca los mecanismos implicados, en particular la hiperactivación de la amígdala y la desregulación de las conexiones con la corteza prefrontal, lo que provoca dificultades en la regulación emocional y fenómenos disociativos. Las reacciones individuales varían según la naturaleza del evento, los antecedentes personales, el estado mental y el nivel de apoyo del entorno. La prevalencia mundial del trastorno por estrés postraumático se estima en un 3,9 %, con predominio en las mujeres. Los enfoques terapéuticos incluyen EMDR, terapias cognitivo-conductuales e hipnosis, complementadas, si es necesario, con enfoques no convencionales y tratamiento farmacológico. Un tratamiento holístico, que integra el papel fundamental del entorno, los factores y los tutores de resiliencia, favorece la transformación de las vulnerabilizaciones en recursos terapéuticos y permite la reconstrucción psíquica.
786 0# - DATA SOURCE ENTRY
Note L’Information Psychiatrique | 102 | 1 | 2026-02-04 | p. 17-22 | 0020-0204
856 41 - ELECTRONIC LOCATION AND ACCESS
Uniform Resource Identifier <a href="https://stm.cairn.info/revista-linformation-psychiatrique-2026-1-page-17?lang=es&redirect-ssocas=7080">https://stm.cairn.info/revista-linformation-psychiatrique-2026-1-page-17?lang=es&redirect-ssocas=7080</a>

Pas d'exemplaire disponible.

PLUDOC

PLUDOC est la plateforme unique et centralisée de gestion des bibliothèques physiques et numériques de Guinée administré par le CEDUST. Elle est la plus grande base de données de ressources documentaires pour les Étudiants, Enseignants chercheurs et Chercheurs de Guinée.

Adresse

627 919 101/664 919 101

25 boulevard du commerce
Kaloum, Conakry, Guinée

Réseaux sociaux

Powered by Netsen Group @ 2025